Name The Symbol - Statistics

General Stats
  • This quiz has been taken 24 times
  • The average score is 4 of 13
Answer Stats
Hint Answer % Correct
© Copyright
82%
& Ampersand
73%
* Asterisk
68%
Female
59%
Hyphen
36%
~ Tilde
36%
Dagger
18%
Interrobang
14%
Pilcrow
9%
Lozenge
0%
§ Section Sign
0%
Sound Copyright
0%
/ Virgule
0%
No matching quizzes found
Score Distribution
Percent of People with Each Score
Percentile by Number Answered
Your Score History
You have not taken this quiz